000 00336nam a2200145 i 4500
001 bg
100 1 _aBUTENIN, N. V.
245 0 _aVvedenie w analiticeskuju mechaniku /
_cN.V. Butenin.
260 _aMoskva,
_c1971.
040 _cBPK
041 _apol
080 _a531.01
942 _cKS
008 s pl f |000 0 pol
999 _c14483
_d14483
856 _uhttp://koha.tu.koszalin.pl/cgi-bin/koha/opac-detail.pl?biblionumber=14483
_yKatalog online BPK